Pedagogía de la igualdad: ensayos contra la educación excluyente
Furkejuvvon:
| Váldodahkki: | |
|---|---|
| Materiálatiipa: | Girji |
| Giella: | espánnjágiella |
| Almmustuhtton: |
Buenos Aires
Siglo Veintiuno
2011
|
| Fáttát: | |
| Fáddágilkorat: |
Lasit fáddágilkoriid
Eai fáddágilkorat, Lasit vuosttaš fáddágilkora!
|
MARC
| LEADER | 00000cam a2200000 a 4500 | ||
|---|---|---|---|
| 001 | UCG9735 | ||
| 003 | CL-VaPUC | ||
| 008 | 120330e20110000AG |||||||||||||||||spa|d | ||
| 020 | |a 9789876291729 | ||
| 082 | 0 | 4 | |a 370.1 |b GEN |2 21 |
| 100 | |a Gentili, Pablo |e author |9 561390 | ||
| 245 | 1 | 0 | |a Pedagogía de la igualdad: ensayos contra la educación excluyente |
| 300 | |a 192 p | ||
| 942 | |c BK | ||
| 945 | |d 20120330 00:00:00 |a dcastane | ||
| 260 | |a Buenos Aires |b Siglo Veintiuno |c 2011 | ||
| 650 | 0 | |a Filosofía de la educación |9 258384 | |
| 650 | 0 | |a Derechos humanos |9 223025 | |
| 650 | 0 | |a Igualdad de oportunidades |9 331873 | |
| 583 | |a last modification |c 20120330 10:33:00 |k Rodrigo Vera | ||
| 999 | |c 347281 |d 347279 | ||
| 952 | |0 0 |1 0 |4 0 |6 370_100000000000000_GEN_2011 |7 0 |8 A |9 448528 |a BIBGIM |b BIBGIM |d 2019-11-22 |i 4850211 |o 370.1 GEN 2011 |p 4850211 |r 2025-01-15 |w 2019-11-22 |y BK |k SSL | ||
| 952 | |0 0 |1 0 |4 0 |6 370_100000000000000_GEN_2011 |7 0 |8 A |9 448529 |a BIBGIM |b BIBGIM |d 2019-11-22 |i 485022K |o 370.1 GEN 2011 |p 485022K |r 2025-01-15 |w 2019-11-22 |y BK |k SSL | ||
| 952 | |0 0 |1 0 |4 0 |6 370_100000000000000_GEN_2011 |7 0 |8 A |9 448530 |a BIBGIM |b BIBGIM |d 2019-11-22 |i 4850238 |o 370.1 GEN 2011 |p 4850238 |r 2025-01-15 |w 2019-11-22 |y BK |k SSL | ||
| 952 | |0 0 |1 0 |4 0 |6 370_100000000000000_GEN_2011 |7 0 |8 A |9 448531 |a BIBEDU |b BIBEDU |d 2019-11-22 |i 485635K |o 370.1 GEN 2011 |p 485635K |r 2019-11-22 |w 2019-11-22 |y BK |k EDI | ||
| 952 | |0 0 |1 0 |4 0 |6 370_100000000000000_GEN_2011 |7 0 |8 A |9 448532 |a BIBGIM |b BIBGIM |d 2019-11-22 |i 4922980 |o 370.1 GEN 2011 |p 4922980 |r 2025-01-15 |w 2019-11-22 |y BK |k SSL | ||